| 000 | 00907nam a2200253Ia 4500 | ||
|---|---|---|---|
| 003 | OSt | ||
| 005 | 20220923224856.0 | ||
| 006 | a|||||r|||| 00| 0 | ||
| 007 | ta | ||
| 008 | 220922b |||||||| |||| 00| 0 hin d | ||
| 024 | _a252,873 | ||
| 037 | _cTextual | ||
| 040 |
_aARTS _cARTS _bhin |
||
| 041 |
_2hin _ahin |
||
| 082 | _aO152,3N01,MA, J8 | ||
| 100 | _aशर्मा 'उग्र', पाण्डेय बेचन | ||
| 245 | 0 |
_aमनुष्यानन्द _b बुधुआ की बेटी |
|
| 246 | _ahinuṣhyānanda: budhuā kī beṭī | ||
| 260 |
_aदिल्ली _b रणजीत प्रिटर्स _c1958 |
||
| 300 |
_a223पृ. _ccm. |
||
| 650 |
_aहिन्दी साहित्य _9156264 |
||
| 942 |
_hO152,3N01,MA, J8 _cTEXL _2CC |
||
| 999 |
_c374316 _d374316 |
||